000 01065nam a2200301 a 4500
001 BRL_1872
005 20190320211416.0
008 110815s1995----au-o######---#000-0#ger-#
020 _a3854252746
041 _ager
044 _aau
050 4 _aPT3938
_b.W54 1995
245 1 0 _aWie weit ist wien
_bLateinamerika als Exil für österreichische Schriftsteller und Künstler
_cAlisa Douer, Ursula Seeber (Hg.) ; Mitarbeit, Edith Blaschitz.
260 _aWien
_bPicus Verlag Wien
_c1995
300 _a312 p.
_bil.
_c31 cm.
500 _aAu2219
504 _aBibliografía: p. 301
650 1 4 _aAutores australianos
_vBiografía
_zAmérica Latina
_928094
650 1 4 _aAutores exiliados
_vBiografía
_zAustria
_928095
650 1 4 _aAutores australianos
_vBiografía
_ySiglo XX
_928096
650 1 4 _aArtistas expatriados
_vBiografía
_zAmérica Latina
_928097
650 1 4 _aArtistas
_vBiografía
_zAustria
_928098
700 1 _aDouer, Alisa
_928099
700 1 _aSeeber, Ursula
_923365
700 1 _aBlaschitz, Edith
_d1967-
_928100
902 _aGRL
942 _2lcc
_cB
999 _c10680
_d10680